00915 2200205 4500245007400000020002200074250001100096100001700107700001500124700001100139700001800150650002700168005001900195260003700214041001400251084001000265300002900275500039600304336000900700 aPendefinisian Kembali Tradisi dan Identitas EtnikcNinuk KledenhText a978-602-221-088-7 aCet. 1 aNinuk Kleden aIbnu Zoyim aErwiza aTitiek Tri I. akebudayaan dan Tradisi a20240506113447 aJakartabGading Inti Primac2012 aIndonesia a306.4 aviii, 146 hlm. :c21 cm. aHubungan dialektika antara kebudayaan daerah dengan kebudayaan Indonesia hasil penelitian yang dituangkan dalam buku ini ditandai dengan suatu tanda budaya yang bersifat tradisional, yakni teater. Buku ini juga mencoba mengupas hubungan antara tanda budaya yang berupa teater yang telah didefinisikan kembali dengan identitas etnik dalam perkembangan dalam masyarakat yang semakin heterogen. atext